Представление документа в формате MARC21

Поле Инд. ПП Название Значение
Тип записи a
Библиографический уровень m
001 Контрольный номер 13c1c6b8-58f4-4a7d-85f2-7ce719271fb9
005 Дата корректировки 20140703142240.6
008 Кодируемые данные 020531
020 c Цена, тираж б/ц
040 a Служба первич. каталог. НБ ТвГУ
041 a Код языка текста rus
080 a Индекс УДК 811.111'367(043.3)
084 a Индекс другой классификации/Индекс ББК Ш143.21-22я031
090 x Авторский знак М69
a Полочн. индекс Ш143.21
100 1_ a Автор Михеев Сергей Владимирович
245 10 a Заглавие Семантические классы предикатов, участвующих в образовании пассивных конструкций в современном английском языке
b Продолж. заглавия автореф. дис. ... канд. филол. наук : 10.02.04
c Ответственность М-во высш. и сред. спец. образования РСФСР, Калинин. гос. ун-т
260 1_ a Место издания Калинин
c Дата издания 1979
300 a Объем 15, [1] с.
500 a Примечание На правах рукоп.
504 a Библиография Библиогр. в подстроч. примеч. и в конце кн.
583 a Действие Получение впервые 39 09.02.2006
650 a Основная рубрика Английский язык
x Основная подрубрика Синтаксис
653 a Ключевые слова Английский язык
a Ключевые слова Синтаксис английского языка
a Ключевые слова Семантические классы предикатов
a Ключевые слова Пассивные конструкции (лингв.)
a Ключевые слова Залог (лингв.)
a Ключевые слова Авторефераты
852 t Порядковый номер экземпляра 1
p Инвентарный номер б/н
p Инвентарный номер 39.2006 б/ц 1 б/н
888 a Бесплатные
930 a Новая/Ретро авторефераты
952 c Вид литературы А/Р н
954 a Дата поступления на обработку 20060210
999 a Подразделение 2 ч.з.